Countries Bordering (Countries Bordering) South Sudan - Statistics

General Stats
  • This quiz has been taken 24 times
  • The average score is 17 of 19
Answer Stats
Country % Correct
Egypt
100%
Kenya
100%
Sudan
100%
Chad
95%
Central African Republic
91%
Democratic Republic of the Congo
91%
Ethiopia
91%
Libya
91%
Uganda
91%
Eritrea
86%
Somalia
86%
Cameroon
82%
Djibouti
82%
Republic of the Congo
82%
Rwanda
82%
Tanzania
82%
Burundi
77%
Angola
73%
Zambia
68%
No matching quizzes found
Score Distribution
Percent of People with Each Score
Percentile by Number Answered
Your Score History
You have not taken this quiz